The worlds greatest speeches : (Record no. 4661)

MARC details
000 -LEADER
fixed length control field 00572 a2200169 4500
010 ## - LCCN (DPL NO)
LC control number ENG-86527
020 ## - INTERNATIONAL STANDARD BOOK NUMBER
International Standard Book Number 8183821294
Terms of availability 125.00
035 ## - SYSTEM CONTROL NUMBER
System control number EN-70060
037 ## - SOURCE OF ACQUISITION
Source of stock number/acquisition DBAD / PUB
082 14 - DEWEY DECIMAL CLASSIFICATION NUMBER
Classification number 808.85
100 1# - MAIN ENTRY--PERSONAL NAME
Personal name Jasvinder Kaur
245 1# - TITLE STATEMENT
Title The worlds greatest speeches :
Statement of responsibility, etc by Jasvinder Kaur
Remainder of title power in spoken words /
260 ## - PUBLICATION, DISTRIBUTION, ETC. (IMPRINT)
Place of publication, distribution, etc New Delhi
Name of publisher, distributor, etc Lotus Press
Date of publication, distribution, etc 2007
270 ## - ADDRESS
Address 4263/3, Ansari Road, Darya Ganj
City New Delhi
Postal code 110 002
Telephone number 011-32903912, 011-23290047
Electronic mail address lotus_press@sify.com
300 ## - PHYSICAL DESCRIPTION
Extent 215 p.
Dimensions 22cm (Pbk)
942 ## - ADDED ENTRY ELEMENTS (KOHA)
Institution code [OBSOLETE] dpl
Item type English Books
Source of classification or shelving scheme Dewey Decimal Classification
Classification part 808.85
Call number suffix JAS
Holdings
Withdrawn status Lost status Not for loan Collection code Home library Current library Source of acquisition Cost, normal purchase price Full call number Barcode Copy number Cost, replacement price Koha item type
    Not For Loan Non-fiction D.B.Act.Division D.B.Act.Division DBAD/PUB 125.00 808.85 JAS EN-70060 1 125.00 English Books

© Delhi Public Library
Hit Counter
free hit counter